000 01220nam a2200313 a 4500
999 _c8570
_d8570
001 8570
003 BD-JhCC
005 20180922132424.0
008 940609s1994 ii b 001 0 eng
020 _a8122003648 :
_cRs200.00
035 _a(BD-JhCC)8570
040 _aDLC
_cDLC
_dBD-JhCC
041 _aeng
050 0 0 _aHT395.S66
_bC66 1994
082 _bCON 1994
_a331.9162
245 0 0 _aConverting water into wealth :
_bregional cooperation in harnessing the eastern Himalayan rivers /
_cedited by B.G. Varghese ... [et al.].
260 _aDelhi :
_bKonark Publishers,
_c1994.
300 _axx, 137 p. ;
_c23 cm.
500 _a"Under the auspices of Centre for Policy Research, New Delhi, Bangladesh Unnayan Parishad, Dhaka, Institute for Integrated Development Studies, Kathmandu."
504 _aIncludes bibliographical references (p. [133]-134) and index.
650 0 _aRegional planning
_zSouth Asia.
650 0 _aRivers
_zHimalaya Mountains Region.
700 1 _aVerghese, B. G.
710 2 _aCentre for Policy Research (New Delhi, India)
710 2 _aBangladesh Unnayan Parishad.
710 2 _aInstitute for Integrated Development Studies (Kathmandu, Nepal)
942 _2ddc
_cBK